| Tag |
First Indicator |
Second Indicator |
Subfields |
| LEADER |
00000cas a2200000 4500 |
| 001 |
in00000065441 |
| 005 |
20151008051839.0 |
| 008 |
750901d1965197uiluuu p 0uu1a0enge |
| 010 |
|
|
|a 65015690
|
| 035 |
|
|
|a (OCoLC)01587697
|
| 035 |
|
|
|9 AAH0328AM
|
| 040 |
|
|
|a MUL
|c MUL
|d OCL
|d NSD
|d NYG
|d MUL
|d TXA
|d UtOrBLW
|
| 049 |
|
|
|a TXAE
|
| 090 |
|
|
|a Z684
|b .L75
|
| 110 |
2 |
|
|a Library Technology Program (American Library Association)
|
| 245 |
1 |
0 |
|a Library technology reports ;
|b a service to provide information on library systems, equipment and supplies to the library profession /
|c [Editor: William P. Cole].
|
| 264 |
|
1 |
|a Chicago.
|b [publisher not identified] ;
|
| 300 |
|
|
|a volumes (loose-leaf) :
|b illustrations ;
|c 30 cm.
|
| 336 |
|
|
|a text
|b txt
|2 rdacontent
|
| 337 |
|
|
|a unmediated
|b n
|2 rdamedia
|
| 338 |
|
|
|a volume
|b nc
|2 rdacarrier
|
| 525 |
|
|
|a Kept up to date by supplementary material issued bimonthly.
|
| 550 |
|
|
|a Published also by the program under its earlier name: Library Technology Project.
|
| 555 |
|
|
|a Loose-leaf index cumulated regularly.
|
| 650 |
|
0 |
|a Library fittings and supplies
|x Periodicals.
|
| 650 |
|
0 |
|a Library science
|x Research
|x Periodicals.
|
| 650 |
|
0 |
|a Libraries
|x Automation
|v Periodicals.
|
| 785 |
0 |
1 |
|t Library technology reports
|x 0024-2586
|w (DLC) 77644312
|w (OCoLC)2910540
|
| 948 |
|
|
|a t1
|
| 999 |
|
|
|a MARS
|
| 999 |
f |
f |
|s 20439c1b-ef0d-3974-9afc-c30aa601e8e8
|i 3312878d-1964-338b-9e7c-d1147b4a8e33
|t 0
|
| 952 |
f |
f |
|p default
|a Texas A&M University
|b College Station
|c Sterling C. Evans Library
|d Evans: Microforms (3rd floor)
|t 0
|e fiche S 106
|h Other scheme
|i unmediated -- volume
|
| 952 |
f |
f |
|p ric
|a Texas A&M University
|b Rellis Campus
|c Joint Library Facility
|d Remote Storage
|t 0
|e Z684 .L75
|h Library of Congress classification
|i unmediated -- volume
|l 1971:Sept.
|m A14841485062
|
| 952 |
f |
f |
|p ric
|a Texas A&M University
|b Rellis Campus
|c Joint Library Facility
|d Remote Storage
|t 0
|e Z684 .L75
|h Library of Congress classification
|i unmediated -- volume
|l 1972:Nov.
|m A14841484901
|
| 952 |
f |
f |
|p ric
|a Texas A&M University
|b Rellis Campus
|c Joint Library Facility
|d Remote Storage
|t 0
|e Z684 .L75
|h Library of Congress classification
|i unmediated -- volume
|l 1966:Mar.
|m A14841484943
|
| 952 |
f |
f |
|p ric
|a Texas A&M University
|b Rellis Campus
|c Joint Library Facility
|d Remote Storage
|t 0
|e Z684 .L75
|h Library of Congress classification
|i unmediated -- volume
|l 1968:Mar.
|m A14841485020
|
| 952 |
f |
f |
|p ric
|a Texas A&M University
|b Rellis Campus
|c Joint Library Facility
|d Remote Storage
|t 0
|e Z684 .L75
|h Library of Congress classification
|i unmediated -- volume
|l 1970:Nov.
|m A14841484985
|
| 952 |
f |
f |
|p ric
|a Texas A&M University
|b Rellis Campus
|c Joint Library Facility
|d Remote Storage
|t 0
|e Z684 .L75
|h Library of Congress classification
|i unmediated -- volume
|l 1970:Nov.
|m A14841485143
|
| 952 |
f |
f |
|p ric
|a Texas A&M University
|b Rellis Campus
|c Joint Library Facility
|d Remote Storage
|t 0
|e Z684 .L75
|h Library of Congress classification
|i unmediated -- volume
|k 1973
|m A14841485101
|
| 998 |
f |
f |
|a fiche S 106
|s v.9 (1965)-v.11 (1975)
|t 0
|l Evans: Microforms (3rd floor)
|
| 998 |
f |
f |
|a Z684 .L75
|s 1965-1975
|t 0
|l Remote Storage
|